Statistics for US Cities with Names Derived from Indigenous Languages

Click here to take the quiz!

General Stats

  • This quiz has been taken 31 times
  • The average score is 18 of 32

Answer Stats

StateOriginHintCity% Correct
ILMiami-Illinois: "Shikaakwa" (wild leek)Biggest city in Illinois, home to the Bulls, Bears, Cubs, and FireChicago
97%
FLMayaimi: "mayaimi" (big river)Home to the Dolphins, Heat, and MarlinsMiami
93%
WIAlgonquin: "Millioke" ("the good/beautiful land;" "gathering place by the water")The most populous city in Wisconsin, home to the BucksMilwaukee
93%
VAAlgonquin: "Chesepiooc" ("at a big river")Shares its name with a bay between Maryland and Virginia and the largest estuary in the USChesapeake
90%
MNDakota: "mníȟaȟa" (waterfall) (with Greek suffix for city)The bigger of Minnesota's Twin CitiesMinneapolis
90%
WYDakota: "Šahíyena" (diminutive of "Cree")Capital of WyomingCheyenne
79%
FLMuscogee: "talahá:ssi" (old tribal town)The state capital, home to Florida State UniversityTallahassee
76%
NE(Language is same as city): "Umoⁿhoⁿ" ("upstream people")Nebraska's most populous city, home of Berkshire HathawayOmaha
69%
MDAlgonquin: approx. "Patawomeke"("place where people trade")Named after the nearby river that also passes through Washington, DCPotomac
69%
WALushootseed "dᶻidᶻəlal̓ič" ("little crossing-over place")Biggest city in the Pacific Northwest, home to the Seahawks, Mariners, and SoundersSeattle
69%
KSKansa: "dóppikʔe" ("a good place to dig wild potatoes")State capital of KansasTopeka
69%
NYIroquoian: "Onguiaahra" ("the strait")Near famous transnational set of waterfalls shared with CanadaNiagara
66%
TNMuskogee: from "cvto" (rock)Civil War railroad city bordering the Cumberland Plateau; names a "Choo Choo" song from the 1940sChattanooga
62%
AZO'odham: "cuk ṣon" (black base)Second-largest city in ArizonaTucson
62%
NYIroquoian: "se-rach-ta-gue" (debatably "floating scum upon the water")It and its "Springs" neighbor were the site of a namesake Fort and Battle, the site of the turning point of the American RevolutionSaratoga
55%
NCAlgonquin: "rawrenoc" (a kind of shell used as money)Its island was home of the "lost colony" that the English founded in the late 1500sRoanoke
52%
CAVentureño Chumash: "Humaliwo ("the surf sounds loudly")Beach city in Los Angeles County; setting of "Two and a Half Men," "Hannah Montana;" namesake of a coconut liqueurMalibu
48%
FLChoctaw: "pashi oklah" (hair people)Westernmost city in the Florida Panhandle, base of the Blue Angels flight teamPensacola
45%
PALenape: "Punkwsutenay" (town of little sandflies)Its resident groundhog "Phil" predicts the advent of spring or continuation of winterPunxsutawney
45%
ALKoasati "tasquiqui" (warriors)Home of a historic "Institute" and its famous "Airmen"Tuskegee
45%
MIOttawa: "Bwandiag" (the name of an Ottawan war chiefFormer site of General Motors plants, namesake of a "Silverdome" and a GM companion brandPontiac
41%
WAWalawalałáma: same as language ("many waters")Alliterative name with the state with a namesake river; close to the Oregon borderWalla Walla
41%
UTPaiute: "moapa" (mosquitoes)Site of both Arches and Canyonlands National ParksMoab
38%
PALenape: "nekwti ahtəne" (single mountain)Same name as the Mountain that gives Penn State its mascotNittany
38%
NYMohawk: "tekontaró:ken" ("it is at the junction of two waterways")Namesake of a famous Revolutionary War fort, now also a pencil brandTiconderoga
38%
RIAlgonquin: (Name is same as city): ("at the falls in the river [tidal stream]")Fourth-largest RI city; home to Slater Mill, a symbol of the Industrial Revolution; names the Family Guy breweryPawtucket
34%
ALMuscogee: "italua" (town), and "atigi" (at the end, on the border)South of a town with a namesake "Superspeedway" which inspired a 2006 racing filmTalladega
34%
MEMicmac: "qalipu" (snow shoveler)Named after a horned animalCaribou
31%
ORKalapuyan/Clackamas: "Wallamt" (still water)Shares its name with a namesake River, National Forest, and Valley in the Pacific NorthwestWillamette
31%
NCAlgonquin: (there is less vegetation)Shares its name with a Cape and Inlet in the Outer Banks, along with a famous LighthouseHatteras
28%
NM(Name and language are same as city): ("(place of) red willows")Home to a namesake "Pueblo," the northernmost in the state, having been occupied for nearly 1000 yearsTaos
28%
CAMiwok/Pomo/Suisin(?): (valley of the moon" / "many moons"Bay area wine city with namesake "International Film Festival"Sonoma
17%

Score Distribution

Percentile by Number Answered

Percent of People with Each Score

Your Score History

You have not taken this quiz